| 000 | 00461nam a2200157 i 4500 | ||
|---|---|---|---|
| 001 | 25417 | ||
| 003 | ES-MaACL | ||
| 005 | 20230906153248.0 | ||
| 007 | t| | ||
| 008 | 021226s1934 gt ||||1| spa d | ||
| 100 | 1 |
_aArgüello, Santiago. _922720 |
|
| 245 | 1 | 3 |
_aEl libro de los apólogos y de otras cosas espirituales / _cSantiago Argüello. |
| 260 |
_aGuatemala : _b[s.n., _c1934] ( _fImp. Nacional) |
||
| 300 |
_a317 p. ; _c19 cm. |
||
| 852 |
_aES-MaACL _jA-3908 |
||
| 999 |
_c25417 _d25417 |
||